All Ben 10 Aliens - Statistics

General Stats
  • This quiz has been taken 49 times
  • The average score is 26 of 85
Answer Stats
Sr. Alien % Correct
OS Four Arms
93%
OS Wildmutt
93%
OS Cannonbolt
89%
OS Diamondhead
89%
OS Xlr8
89%
OS Ghostfreak
86%
OS Grey Matter
86%
OS Heatblast
86%
OS Ripjaws
75%
OS Stinkfly
75%
AF Swampfire
75%
OS Way Big
75%
OS Wildvine
75%
OS Ditto
68%
OS Upchuck
64%
OS Upgrade
61%
AF Alien X
54%
OS Snare-Oh
54%
AF Big Chill
46%
OS Blitzwolfer
46%
AF Chromastone
46%
OS Eye Guy
46%
OS Frankenstrike
46%
AF Jetray
46%
OS Arctiguana
43%
AF Spidermonkey
39%
OS Spitter
39%
UA Water Hazard
39%
UA NRG
36%
OS Buzzshock
32%
UA Fasttrack
32%
OV Feedback
32%
AF Rath
32%
UA Armodrillo
29%
OV Bloxx
29%
AF Brainstorm
29%
UA Amphibian
25%
AF Humungousaur
25%
UA JuryRigg
25%
AF Nanomech
25%
OV Pesky Dust
25%
OV Bullfrag
21%
UA Clockwork
21%
AF Goop
21%
OV Gravattack
21%
UA Shocksquatch
21%
OV The Worst
21%
OV Walkatrout
21%
OV Astrodactyl
18%
OV Atomix
18%
AF Lodestar
18%
Reebot Overflow
18%
UA Terraspin
18%
OV Crashhopper
14%
Reebot Gax
14%
Reebot Shock Rock
14%
OV Toepick
14%
OV Whampire
14%
UA Chamalien
11%
OV Gutrot
11%
OV Kickin Hawk
11%
OV Molestache
11%
UA Eatle
7%
Non-Canon Sand-Box
7%
Reebot Slapback
7%
Reebot Surge
7%
OS Ben Eon
4%
Non-Canon Shellhead
4%
Non-Canon Snake-Pit
4%
AF Echo Echi
0%
Non-Canon Portaler
0%
Non-Canon Rocks
0%
Non-Canon Squidstrictor
0%
Ultimate Ult Arctiguana
0%
Ultimate Ult Big Chill
0%
Ultimate Ult Cannonbolt
0%
Ultimate Ult Echo Echo
0%
Ultimate Ult Gravattack
0%
Ultimate Ult Grey Matter
0%
Ultimate Ult Humungusaur
0%
Ultimate Ult Rath
0%
Ultimate Ult Spidermonkey
0%
Ultimate Ult Swampfire
0%
Ultimate Ult Way Big
0%
Ultimate Ult Wildmutt
0%
No matching quizzes found
Score Distribution
Percent of People with Each Score
Percentile by Number Answered
Your Score History
You have not taken this quiz